000 00663nam a2200289Ia 4500
005 20260324135555.0
008 008 260324s9999 xx 000 0 eng d
020 _a9780429236075
037 _aEBOOK
040 _aCRL
040 _beng
040 _cCRL
041 _2eng
041 _aeng
084 _qCRL
100 _aRichard Golsan
_91201105
245 4 _aThe Papon Affair
245 0 _bMemory and Justice on Trial
260 _bTaylor and Francis
260 _c2000
365 _a
365 _b230
856 _uhttp://www.taylorfrancis.com/books/9780429236075
942 _cEBOOK
999 _c1802331
_d1802331